<?xml version="1.0" encoding="UTF-8"?>
<record
    xmlns:xsi="http://www.w3.org/2001/XMLSchema-instance"
    xsi:schemaLocation="http://www.loc.gov/MARC21/slim http://www.loc.gov/standards/marcxml/schema/MARC21slim.xsd"
    xmlns="http://www.loc.gov/MARC21/slim">

  <leader>00595nam a2200205   4500</leader>
  <controlfield tag="003">SEACOMEC</controlfield>
  <controlfield tag="005">20240404131648.0</controlfield>
  <controlfield tag="008">231006b        |||||||| |||| 00| 0 eng d</controlfield>
  <datafield tag="020" ind1=" " ind2=" ">
    <subfield code="c">Rs. 170.00</subfield>
  </datafield>
  <datafield tag="040" ind1=" " ind2=" ">
    <subfield code="a">SEACOMEC</subfield>
  </datafield>
  <datafield tag="082" ind1=" " ind2=" ">
    <subfield code="a">621.381</subfield>
    <subfield code="b">B575</subfield>
  </datafield>
  <datafield tag="100" ind1="1" ind2=" ">
    <subfield code="a">Bhargava, N.N.</subfield>
  </datafield>
  <datafield tag="245" ind1="1" ind2=" ">
    <subfield code="a">Basic Electronics and Linear circuits</subfield>
    <subfield code="c">N.N. Bhargava, D.C. Kulshreshtha and S.C. Gupta</subfield>
  </datafield>
  <datafield tag="260" ind1=" " ind2=" ">
    <subfield code="a">New Delhi</subfield>
    <subfield code="b">Tata McGraw Hill</subfield>
    <subfield code="c">2006</subfield>
  </datafield>
  <datafield tag="650" ind1=" " ind2=" ">
    <subfield code="a">Applied physics</subfield>
  </datafield>
  <datafield tag="650" ind1=" " ind2=" ">
    <subfield code="a">Electronics, communications engineering</subfield>
  </datafield>
  <datafield tag="700" ind1="1" ind2=" ">
    <subfield code="a">Kulshreshtha,  D.C. </subfield>
  </datafield>
  <datafield tag="700" ind1="1" ind2=" ">
    <subfield code="a">Gupta, S.C. </subfield>
  </datafield>
  <datafield tag="942" ind1=" " ind2=" ">
    <subfield code="c">BOOK</subfield>
  </datafield>
  <datafield tag="952" ind1=" " ind2=" ">
    <subfield code="0">0</subfield>
    <subfield code="1">0</subfield>
    <subfield code="2">ddc</subfield>
    <subfield code="4">0</subfield>
    <subfield code="7">0</subfield>
    <subfield code="a">SEACOMEC</subfield>
    <subfield code="b">SEACOMEC</subfield>
    <subfield code="d">2024-04-04</subfield>
    <subfield code="l">0</subfield>
    <subfield code="o">621.381 B575</subfield>
    <subfield code="p">4870</subfield>
    <subfield code="r">2024-04-04 13:17:28</subfield>
    <subfield code="w">2024-04-04</subfield>
    <subfield code="y">BOOK</subfield>
  </datafield>
  <datafield tag="952" ind1=" " ind2=" ">
    <subfield code="0">0</subfield>
    <subfield code="1">0</subfield>
    <subfield code="2">ddc</subfield>
    <subfield code="4">0</subfield>
    <subfield code="7">0</subfield>
    <subfield code="a">SEACOMEC</subfield>
    <subfield code="b">SEACOMEC</subfield>
    <subfield code="d">2024-04-04</subfield>
    <subfield code="l">0</subfield>
    <subfield code="o">621.381 B575</subfield>
    <subfield code="p">4871</subfield>
    <subfield code="r">2024-04-04 13:17:47</subfield>
    <subfield code="t">1</subfield>
    <subfield code="w">2024-04-04</subfield>
    <subfield code="y">BOOK</subfield>
  </datafield>
  <datafield tag="952" ind1=" " ind2=" ">
    <subfield code="0">0</subfield>
    <subfield code="1">0</subfield>
    <subfield code="2">ddc</subfield>
    <subfield code="4">0</subfield>
    <subfield code="7">0</subfield>
    <subfield code="a">SEACOMEC</subfield>
    <subfield code="b">SEACOMEC</subfield>
    <subfield code="d">2024-04-04</subfield>
    <subfield code="l">0</subfield>
    <subfield code="o">621.381 B575</subfield>
    <subfield code="p">4872</subfield>
    <subfield code="r">2024-04-04 13:17:47</subfield>
    <subfield code="t">2</subfield>
    <subfield code="w">2024-04-04</subfield>
    <subfield code="y">BOOK</subfield>
  </datafield>
  <datafield tag="952" ind1=" " ind2=" ">
    <subfield code="0">0</subfield>
    <subfield code="1">0</subfield>
    <subfield code="2">ddc</subfield>
    <subfield code="4">0</subfield>
    <subfield code="7">0</subfield>
    <subfield code="a">SEACOMEC</subfield>
    <subfield code="b">SEACOMEC</subfield>
    <subfield code="d">2024-04-04</subfield>
    <subfield code="l">0</subfield>
    <subfield code="o">621.381 B575</subfield>
    <subfield code="p">4873</subfield>
    <subfield code="r">2024-04-04 13:17:47</subfield>
    <subfield code="t">3</subfield>
    <subfield code="w">2024-04-04</subfield>
    <subfield code="y">BOOK</subfield>
  </datafield>
  <datafield tag="952" ind1=" " ind2=" ">
    <subfield code="0">0</subfield>
    <subfield code="1">0</subfield>
    <subfield code="2">ddc</subfield>
    <subfield code="4">0</subfield>
    <subfield code="7">0</subfield>
    <subfield code="a">SEACOMEC</subfield>
    <subfield code="b">SEACOMEC</subfield>
    <subfield code="d">2024-04-04</subfield>
    <subfield code="l">0</subfield>
    <subfield code="o">621.381 B575</subfield>
    <subfield code="p">4874</subfield>
    <subfield code="r">2024-04-04 13:17:47</subfield>
    <subfield code="t">4</subfield>
    <subfield code="w">2024-04-04</subfield>
    <subfield code="y">BOOK</subfield>
  </datafield>
  <datafield tag="952" ind1=" " ind2=" ">
    <subfield code="0">0</subfield>
    <subfield code="1">0</subfield>
    <subfield code="2">ddc</subfield>
    <subfield code="4">0</subfield>
    <subfield code="7">0</subfield>
    <subfield code="a">SEACOMEC</subfield>
    <subfield code="b">SEACOMEC</subfield>
    <subfield code="d">2024-04-04</subfield>
    <subfield code="l">0</subfield>
    <subfield code="o">621.381 B575</subfield>
    <subfield code="p">4875</subfield>
    <subfield code="r">2024-04-04 13:17:47</subfield>
    <subfield code="t">5</subfield>
    <subfield code="w">2024-04-04</subfield>
    <subfield code="y">BOOK</subfield>
  </datafield>
  <datafield tag="952" ind1=" " ind2=" ">
    <subfield code="0">0</subfield>
    <subfield code="1">0</subfield>
    <subfield code="2">ddc</subfield>
    <subfield code="4">0</subfield>
    <subfield code="7">0</subfield>
    <subfield code="a">SEACOMEC</subfield>
    <subfield code="b">SEACOMEC</subfield>
    <subfield code="d">2024-04-04</subfield>
    <subfield code="l">0</subfield>
    <subfield code="o">621.381 B575</subfield>
    <subfield code="p">4876</subfield>
    <subfield code="r">2024-04-04 13:17:47</subfield>
    <subfield code="t">6</subfield>
    <subfield code="w">2024-04-04</subfield>
    <subfield code="y">BOOK</subfield>
  </datafield>
  <datafield tag="952" ind1=" " ind2=" ">
    <subfield code="0">0</subfield>
    <subfield code="1">0</subfield>
    <subfield code="2">ddc</subfield>
    <subfield code="4">0</subfield>
    <subfield code="7">0</subfield>
    <subfield code="a">SEACOMEC</subfield>
    <subfield code="b">SEACOMEC</subfield>
    <subfield code="d">2024-04-04</subfield>
    <subfield code="l">0</subfield>
    <subfield code="o">621.381 B575</subfield>
    <subfield code="p">4877</subfield>
    <subfield code="r">2024-04-04 13:17:47</subfield>
    <subfield code="t">7</subfield>
    <subfield code="w">2024-04-04</subfield>
    <subfield code="y">BOOK</subfield>
  </datafield>
  <datafield tag="952" ind1=" " ind2=" ">
    <subfield code="0">0</subfield>
    <subfield code="1">0</subfield>
    <subfield code="2">ddc</subfield>
    <subfield code="4">0</subfield>
    <subfield code="7">0</subfield>
    <subfield code="a">SEACOMEC</subfield>
    <subfield code="b">SEACOMEC</subfield>
    <subfield code="d">2024-04-04</subfield>
    <subfield code="l">0</subfield>
    <subfield code="o">621.381 B575</subfield>
    <subfield code="p">4878</subfield>
    <subfield code="r">2024-04-04 13:17:47</subfield>
    <subfield code="t">8</subfield>
    <subfield code="w">2024-04-04</subfield>
    <subfield code="y">BOOK</subfield>
  </datafield>
  <datafield tag="952" ind1=" " ind2=" ">
    <subfield code="0">0</subfield>
    <subfield code="1">0</subfield>
    <subfield code="2">ddc</subfield>
    <subfield code="4">0</subfield>
    <subfield code="7">0</subfield>
    <subfield code="a">SEACOMEC</subfield>
    <subfield code="b">SEACOMEC</subfield>
    <subfield code="d">2024-04-04</subfield>
    <subfield code="l">0</subfield>
    <subfield code="o">621.381 B575</subfield>
    <subfield code="p">4879</subfield>
    <subfield code="r">2024-04-04 13:17:47</subfield>
    <subfield code="t">9</subfield>
    <subfield code="w">2024-04-04</subfield>
    <subfield code="y">BOOK</subfield>
  </datafield>
  <datafield tag="952" ind1=" " ind2=" ">
    <subfield code="0">0</subfield>
    <subfield code="1">0</subfield>
    <subfield code="2">ddc</subfield>
    <subfield code="4">0</subfield>
    <subfield code="7">0</subfield>
    <subfield code="a">SEACOMEC</subfield>
    <subfield code="b">SEACOMEC</subfield>
    <subfield code="d">2008-01-24</subfield>
    <subfield code="l">0</subfield>
    <subfield code="o">621.381 B575</subfield>
    <subfield code="p">9264</subfield>
    <subfield code="r">2024-05-23 13:47:58</subfield>
    <subfield code="t">10</subfield>
    <subfield code="w">2024-05-23</subfield>
    <subfield code="y">BOOK</subfield>
  </datafield>
  <datafield tag="952" ind1=" " ind2=" ">
    <subfield code="0">0</subfield>
    <subfield code="1">0</subfield>
    <subfield code="2">ddc</subfield>
    <subfield code="4">0</subfield>
    <subfield code="7">0</subfield>
    <subfield code="a">SEACOMEC</subfield>
    <subfield code="b">SEACOMEC</subfield>
    <subfield code="d">2008-01-24</subfield>
    <subfield code="l">0</subfield>
    <subfield code="o">621.381 B575</subfield>
    <subfield code="p">9265</subfield>
    <subfield code="r">2024-05-23 13:47:58</subfield>
    <subfield code="t">11</subfield>
    <subfield code="w">2024-05-23</subfield>
    <subfield code="y">BOOK</subfield>
  </datafield>
  <datafield tag="952" ind1=" " ind2=" ">
    <subfield code="0">0</subfield>
    <subfield code="1">0</subfield>
    <subfield code="2">ddc</subfield>
    <subfield code="4">0</subfield>
    <subfield code="7">0</subfield>
    <subfield code="a">SEACOMEC</subfield>
    <subfield code="b">SEACOMEC</subfield>
    <subfield code="d">2008-01-24</subfield>
    <subfield code="l">0</subfield>
    <subfield code="o">621.381 B575</subfield>
    <subfield code="p">9266</subfield>
    <subfield code="r">2024-05-23 13:47:58</subfield>
    <subfield code="t">12</subfield>
    <subfield code="w">2024-05-23</subfield>
    <subfield code="y">BOOK</subfield>
  </datafield>
  <datafield tag="952" ind1=" " ind2=" ">
    <subfield code="0">0</subfield>
    <subfield code="1">0</subfield>
    <subfield code="2">ddc</subfield>
    <subfield code="4">0</subfield>
    <subfield code="7">0</subfield>
    <subfield code="a">SEACOMEC</subfield>
    <subfield code="b">SEACOMEC</subfield>
    <subfield code="d">2008-01-24</subfield>
    <subfield code="l">0</subfield>
    <subfield code="o">621.381 B575</subfield>
    <subfield code="p">9267</subfield>
    <subfield code="r">2024-05-23 13:47:58</subfield>
    <subfield code="t">13</subfield>
    <subfield code="w">2024-05-23</subfield>
    <subfield code="y">BOOK</subfield>
  </datafield>
  <datafield tag="952" ind1=" " ind2=" ">
    <subfield code="0">0</subfield>
    <subfield code="1">0</subfield>
    <subfield code="2">ddc</subfield>
    <subfield code="4">0</subfield>
    <subfield code="7">0</subfield>
    <subfield code="a">SEACOMEC</subfield>
    <subfield code="b">SEACOMEC</subfield>
    <subfield code="d">2008-01-24</subfield>
    <subfield code="l">0</subfield>
    <subfield code="o">621.381 B575</subfield>
    <subfield code="p">9268</subfield>
    <subfield code="r">2024-05-23 13:47:58</subfield>
    <subfield code="t">14</subfield>
    <subfield code="w">2024-05-23</subfield>
    <subfield code="y">BOOK</subfield>
  </datafield>
  <datafield tag="952" ind1=" " ind2=" ">
    <subfield code="0">0</subfield>
    <subfield code="1">0</subfield>
    <subfield code="2">ddc</subfield>
    <subfield code="4">0</subfield>
    <subfield code="7">0</subfield>
    <subfield code="a">SEACOMEC</subfield>
    <subfield code="b">SEACOMEC</subfield>
    <subfield code="d">2008-01-24</subfield>
    <subfield code="l">0</subfield>
    <subfield code="o">621.381 B575</subfield>
    <subfield code="p">9269</subfield>
    <subfield code="r">2024-05-23 13:47:58</subfield>
    <subfield code="t">15</subfield>
    <subfield code="w">2024-05-23</subfield>
    <subfield code="y">BOOK</subfield>
  </datafield>
  <datafield tag="952" ind1=" " ind2=" ">
    <subfield code="0">0</subfield>
    <subfield code="1">0</subfield>
    <subfield code="2">ddc</subfield>
    <subfield code="4">0</subfield>
    <subfield code="7">0</subfield>
    <subfield code="a">SEACOMEC</subfield>
    <subfield code="b">SEACOMEC</subfield>
    <subfield code="d">2008-01-24</subfield>
    <subfield code="l">0</subfield>
    <subfield code="o">621.381 B575</subfield>
    <subfield code="p">9270</subfield>
    <subfield code="r">2024-05-23 13:47:58</subfield>
    <subfield code="t">16</subfield>
    <subfield code="w">2024-05-23</subfield>
    <subfield code="y">BOOK</subfield>
  </datafield>
  <datafield tag="952" ind1=" " ind2=" ">
    <subfield code="0">0</subfield>
    <subfield code="1">0</subfield>
    <subfield code="2">ddc</subfield>
    <subfield code="4">0</subfield>
    <subfield code="7">0</subfield>
    <subfield code="a">SEACOMEC</subfield>
    <subfield code="b">SEACOMEC</subfield>
    <subfield code="d">2008-01-24</subfield>
    <subfield code="l">0</subfield>
    <subfield code="o">621.381 B575</subfield>
    <subfield code="p">9271</subfield>
    <subfield code="r">2024-05-23 13:47:58</subfield>
    <subfield code="t">17</subfield>
    <subfield code="w">2024-05-23</subfield>
    <subfield code="y">BOOK</subfield>
  </datafield>
  <datafield tag="952" ind1=" " ind2=" ">
    <subfield code="0">0</subfield>
    <subfield code="1">0</subfield>
    <subfield code="2">ddc</subfield>
    <subfield code="4">0</subfield>
    <subfield code="7">0</subfield>
    <subfield code="a">SEACOMEC</subfield>
    <subfield code="b">SEACOMEC</subfield>
    <subfield code="d">2008-01-24</subfield>
    <subfield code="l">0</subfield>
    <subfield code="o">621.381 B575</subfield>
    <subfield code="p">9272</subfield>
    <subfield code="r">2024-05-23 13:47:58</subfield>
    <subfield code="t">18</subfield>
    <subfield code="w">2024-05-23</subfield>
    <subfield code="y">BOOK</subfield>
  </datafield>
  <datafield tag="952" ind1=" " ind2=" ">
    <subfield code="0">0</subfield>
    <subfield code="1">0</subfield>
    <subfield code="2">ddc</subfield>
    <subfield code="4">0</subfield>
    <subfield code="7">0</subfield>
    <subfield code="a">SEACOMEC</subfield>
    <subfield code="b">SEACOMEC</subfield>
    <subfield code="d">2008-01-24</subfield>
    <subfield code="l">0</subfield>
    <subfield code="o">621.381 B575</subfield>
    <subfield code="p">9273</subfield>
    <subfield code="r">2024-05-23 13:47:58</subfield>
    <subfield code="t">19</subfield>
    <subfield code="w">2024-05-23</subfield>
    <subfield code="y">BOOK</subfield>
  </datafield>
  <datafield tag="999" ind1=" " ind2=" ">
    <subfield code="c">112</subfield>
    <subfield code="d">112</subfield>
  </datafield>
</record>
